Enduring traditions : the native peoples of New England

Αποθηκεύτηκε σε:
Λεπτομέρειες βιβλιογραφικής εγγραφής
Άλλοι συγγραφείς: Weinstein, Laurie Lee (Επιμελητής έκδοσης)
Μορφή: Βιβλίο
Γλώσσα:English
Δημοσίευση: London : Bergin & Garvey, c1994
Θέματα:
Ετικέτες: Προσθήκη ετικέτας
Δεν υπάρχουν, Καταχωρήστε ετικέτα πρώτοι!

MARC

LEADER 00000nam a2200000 i 4500
001 1/66518
008 990115s1994 eng d
020 |a 0-89789-350-6 
035 |l 10047319 
040 |a GR-MY-UA  |b gre  |e aacr 
041 0 |a eng 
082 0 |a 974.00497 
245 1 0 |a Enduring traditions :  |b the native peoples of New England /  |c Edited by Laurie Weinstein; foreword by Russell Peters 
260 |a London :   |b Bergin & Garvey,   |c c1994 
300 |a 199 p.  |b fig. 
504 |a Includes bibliographical references and index 
650 0 0 |a Indians of North America  |z New England. 
700 1 |a Weinstein, Laurie Lee.  |4 edt 
852 |a INST  |b LESVOS  |e 19990115  |h 974.00497 END  |p 005100017051  |q 005100017051  |t BK  |y 0 
901 |a BIBL-1999-1 
909 |a Λ  |b 061609 
922 |a 1ΕΛΗ  |b 199812  |c ΚΠΣ/ΤΚ  |d ΠΑΠΑΣΩΤΗΡΙΟΥ